| 000 | 00647nam a2200217 a 4500 | ||
|---|---|---|---|
| 999 |
_c1259 _d1259 |
||
| 001 | 1259 | ||
| 003 | BD-JhCC | ||
| 005 | 20171017162530.0 | ||
| 008 | 171017s1981 bg |||| |||| 00| 0 ben d | ||
| 035 | _a(BD-JhCC)1259 | ||
| 040 |
_aBD-JhCC _dBD-JhCC |
||
| 041 | _aben | ||
| 082 |
_a370.1 _bSAD 1981 |
||
| 100 | _aছদরুদ্দীন | ||
| 245 |
_aবাংলাদেশে প্রথিমক শিক্ষা সংগঠন / _cছদরুদ্দীন |
||
| 260 |
_aঢাকা : _bবাংলা একাডেমী, _c1981 |
||
| 300 |
_a114 p. : _c21 cm. |
||
| 650 | _aEducation | ||
| 942 |
_2ddc _cBK |
||